Statistics for Largest African Country not Bordering previously listed ones

Click here to take the quiz!

General Stats

  • This quiz has been taken 60 times
  • The average score is 12 of 18

Answer Stats

RANK COUNTRY % Correct
1Alg{eria}
100%
2De{mocratic Republic of the Congo}
96%
3S{udan}
96%
4South Africa
87%
5Nigeria
76%
6Somalia
69%
7Madagascar
67%
14Cape Verde
57%
16Comoros
56%
18Seychelles
56%
9Gabon
54%
15Mauritius
54%
8Côte d'Ivoire
52%
17São Tomé and Príncipe
52%
10Senegal
52%
11Malawi
46%
12Sierra Leone
44%
13Togo
43%

Score Distribution

Percentile by Number Answered

Percent of People with Each Score

Your Score History

You have not taken this quiz